| 000 | 00495nam a2200157Ia 4500 | ||
|---|---|---|---|
| 003 | SGT | ||
| 020 | _a9780071169004 | ||
| 082 |
_a5.74 _bSAH |
||
| 100 | _aSahni,Sartaj | ||
| 245 | _aData structures algorithms and applications in java | ||
| 260 |
_bTata McGraw Hill Education Private Limited _aNew Delhi _c2000 |
||
| 300 | _a833p. | ||
| 650 | _aCOMPUTER SCIENCE | ||
| 653 | _aJAVA REVIEW, PERFORMANCE ANALYSIS, ASYMPTOTIC NOTATION, PERFORMANCE MEASUREMENT, DATA STRUCTURES | ||
| 942 |
_2ddc _cBK _04 |
||
| 999 |
_c5199 _d5199 |
||